000 00635nab#a2200229#c#4500
999 _c122018
_d122018
003 IEF
005 20191203181855.0
008 950704s1976 uuu|| #####0 b| |u
040 _aIEF
_cES-MaIEF
100 1 _aIranzo Reig, Agustín
_922341
245 _aPrecios según costes marginales
_c Agustín Iranzo Reig
260 _c1976
500 _aBibliografía
650 4 _aEMPRESAS PUBLICAS
_943602
650 4 _aPRECIOS
_948092
650 4 _aSERVICIOS PUBLICOS
_948391
650 4 _aMODELOS MATEMATICOS
_947777
773 0 _tHacienda pública española
_w34570
_g41, p. 39-60
942 _2udc
942 _2udc